Niederlande: 10 größte Städte - Statistiken

Allgemein
  • Dieses Quiz wurde 513 mal gespielt
  • Das Durchschnittsergebnis liegt bei 5 aus 10
Antwortstatistiken
Nummer Einwohner Stadt % Korrekt
1 1.009.000 Amsterdam
100%
2 1.242.000 Rotterdam
98%
3 780.000 Den Haag
84%
5 280.000 Eindhoven
64%
4 455.000 Utrecht
59%
6 233.000 Groningen
58%
10 178.000 Nijmegen
25%
9 184.000 Breda
20%
7 220.000 Tilburg
19%
8 212.000 Almere
9%
Keine übereinstimmenden Quizze gefunden
Verteilung der Resultate
Anzahl Personen mit jedem Resultat
Perzentil nach korrekt beantworteten Fragen
Ihre Resultats-Entwicklung
Sie haben dieses Quiz noch nicht gespielt